| 000 | 01381nam a2200349 a 4500 | ||
|---|---|---|---|
| 999 |
_c85804 _d85804 |
||
| 003 | BLK | ||
| 005 | 20250313153152.0 | ||
| 008 | 180408b bul|||||r ||||||| ||bul|| | ||
| 010 | _aKNG00090407000 | ||
| 020 | _a978-954-28-0492-5 | ||
| 040 | _aBLK | ||
| 041 |
_aBUL _cBUL |
||
| 080 |
_aНемска литература _b821.112.2 _x-8 _z821.112.2-8 |
||
| 100 |
_aКестнер, Ерих _9366444 |
||
| 139 |
_aКестнер, Ерих _bК 53 |
||
| 240 | _aSachliche Romanze : Lirik und Prosa / Erich Kastner | ||
| 245 | 1 | 0 |
_aДействителен романс _cЕрих Кестнер; подб. и прев. Венцеслав Константинов; ил. Дамян Дамянов. |
| 257 | _aDEU | ||
| 260 |
_aСофия _bСиела Софт енд Паблишинг _c2009 |
||
| 300 |
_a160 с. _bс ил. _c21 см |
||
| 380 | _aX | ||
| 490 |
_aПопулярна класика _9201500 |
||
| 500 | _aОриг. загл. Sachliche Romanze : Lirik und Prosa / Erich Kastner. - Офс. изд. | ||
| 700 | 1 |
_aКонстантинов, Венцеслав _eподб. и прев. _9367608 |
|
| 700 | 1 |
_aДамянов, Дамян _eил. _9367630 |
|
| 852 | _aЦб 244632 | ||
| 856 | 4 | _qpdf | |
| 856 | 4 | _qpdf | |
| 942 |
_cKNG _n0 _03 _s1 |
||
| 944 |
_aCR _c2021-10-27 _lКети Илиева _k30550 |
||
| 944 |
_aED _c2021-10-27 _l2021-10-27 |
||